000 00301nam a22001337a 4500
008 170714b xxu||||| |||| 00| 0 eng d
020 _a0060633166
041 _aeng
080 _a1(091)
100 _a23
101 _aFIL
245 _aTHE STORY OF CHRISTIANITY
_cGONZALES.J.L
942 _2udc
_cBK
999 _c20674
_d20674